LDR 01139nam a2200193 i 4500 001 000000021039 003 CaOOAMICUS 005 20230601100813.0 008 180830s1910 it u000 u ita u 040 $aSeMil$bita 245 00$aGermania pontificia sive repertorium privilegiorum et litterarum a romanis pontificibus ante annum 1198 Germaniae ecclesiis Monasteriis Civitatibus Singulisque Personis Concessorum /$ciubente regia societate Gottingensi opes porrigentibus curatoribus legati wedekindiani congessit Albertus Brackmann. 300 $av.$c25 cm 500 $aPosseduti solo i voll. 1.1, 1.2 700 1 $aBrackmann, Albertus.$0(OLS)http://semarc/name/9400 773 0 $tRegesta Pontificum Romanorum.$dBerolini : Apud Weidmannos, 1910.$w()6627 774 0 $tProvincia Salisburgensis.$w()178928 774 0 $t1.2: Provincia Salisburgensis 2. et Episcopatus Tridentinus.$gVol.1$w()178929 996 $6245$aGermania pontificia sive repertorium privilegiorum et litterarum a romanis pontificibus ante annum 1198 Germaniae ecclesiis Monasteriis Civitatibus Singulisque Personis Concessorum$9(OLS)http://semarc/title/27787